[Event "Buenos Aires ProAm op 26th"]
[Site "Buenos Aires"]
[Date "2019.10.09"]
[Round "4"]
[White "Nami, Ruben"]
[Black "Pereyra, Alex"]
[Result "1-0"]
[WhiteElo "1836"]
[BlackElo "1893"]
[PlyCount "81"]
[EventDate "2019.10.06"]
[EventType "team-swiss"]
[EventRounds "8"]
[EventCountry "ARG"]
[SourceTitle "CBM 192 Extra"]
[Source "Chessbase"]
[SourceDate "2019.11.06"]
[SourceVersion "1"]
[SourceVersionDate "2019.11.06"]
[SourceQuality "1"]

1. e4 e6 2. d4 d5 3. e5 c5 4. Nf3 cxd4 5. Bd3 Nc6 6. 0-0 Nge7 7. Bf4 Ng6 8. Bg3 Be7 9. Re1 Bd7 10. a3 a5 11. Nbd2 a4 12. Qe2 Rc8 13. Rad1 Qb6 14. Rb1 Na7 15. h4 Bb5 16. h5 Nf8 17. Bh4 Bxh4 18. Nxh4 Rxc2 19. Bxb5+ Qxb5 20. Qg4 h6 21. Ndf3 Nc6 22. Qxg7 Rh7 23. Qf6 Nd7 24. Qf4 Rxb2 25. Rxb2 Qxb2 26. Nf5 exf5 27. e6 fxe6 28. Rxe6+ Re7 29. Rxe7+ Nxe7 30. Qxh6 d3 31. Qe3 Qe2 32. Qd4 d2 33. Nxd2 Qxh5 34. Qxa4 b6 35. Nf3 Qg6 36. Qa8+ Kf7 37. Qd8 Qd6 38. Ng5+ Kg7 39. f4 b5 40. Qe8 Qc5+ 41. Kh2 1-0

[Event "Mar del Plata Lasker Memorial"]
[Site "Mar del Plata"]
[Date "2019.07.24"]
[Round "6"]
[White "Pereyra, Alex"]
[Black "Sosa, Ruben"]
[Result "1-0"]
[WhiteElo "1709"]
[BlackElo "1813"]
[PlyCount "125"]
[EventDate "2019.07.22"]
[EventType "swiss"]
[EventRounds "7"]
[EventCountry "ARG"]
[SourceTitle "CBM 191 Extra"]
[Source "ChessBase"]
[SourceDate "2019.09.30"]
[SourceVersion "1"]
[SourceVersionDate "2019.09.30"]
[SourceQuality "1"]

1. d4 d5 2. Nf3 c6 3. Bf4 Bf5 4. e3 e6 5. Bd3 Bb4+ 6. c3 Bd6 7. Bxf5 exf5 8. Ne5 Bxe5 9. Bxe5 f6 10. Bg3 Qb6 11. Qc2 Ne7 12. 0-0 g5 13. Nd2 Na6 14. a4 h5 15. b4 Qd8 16. h4 gxh4 17. Bxh4 Ng6 18. Bg3 Qd7 19. b5 Nb8 20. c4 h4 21. Bf4 h3 22. g3 Qe6 23. bxc6 bxc6 24. Rab1 Nd7 25. Rb7 Nxf4 26. exf4 Rg8 27. Nf3 0-0-0 28. Rxa7 Kb8 29. Ra5 Rc8 30. Rb1+ Kc7 31. Ra7+ Kd8 32. Qd2 Qd6 33. Qa5+ Ke8 34. Re1+ Kf8 35. Kh2 Rg7 36. Ra8 Rb8 37. c5 Rxa8 38. Qxa8+ Qb8 39. Qxb8+ Nxb8 40. Nh4 Rd7 41. Ra1 Rb7 42. Kxh3 Rb4 43. Nxf5 Na6 44. a5 Kf7 45. Ra3 Rb8 46. g4 Kf8 47. g5 fxg5 48. fxg5 Nc7 49. a6 Ne6 50. a7 Ra8 51. Kg4 Nc7 52. f4 Nb5 53. Ra4 Rxa7 54. Rxa7 Nxa7 55. g6 Nb5 56. Kg5 Nc3 57. g7+ Kf7 58. Kh6 Ne4 59. Nd6+ Kg8 60. Nf5 Kf7 61. Kh7 Nf6+ 62. Kh8 Ke6 63. Nd6 1-0